00385nam a2200145Ia 4500008004100000041000800041082001200049100003800061245002900099250000900128260006500137300000900202365000900211999001900220231011s9999 xx 000 0 und d aeng a658.562 aJuran Joseph M/ A Blanton Fodfrey aJurans Quality Handbook a5th  bMcGrawhill International Publication Company NewYork -c2000 aI-60 b2167 c890245d890245